| 000 | 00532 a2200229 4500 | ||
|---|---|---|---|
| 630 | _a62 - Ingenierie. Art de l'ingenieur. Technologie en general | ||
| 650 | _a6 - SCIENCES APPLIQUEES | ||
| 100 | _aBouillet, Dominique | ||
| 260 | _bEllipses | ||
| 245 | _aUNIX : guide de l'utilisateur | ||
| 300 | _a160 p. | ||
| 650 | _aElectronique | ||
| 650 | _aInformatique | ||
| 260 | _c1990 | ||
| 300 | _b24 cm | ||
| 100 | _lFr | ||
| 037 | _aS5492 | ||
| 037 | _aS5491 | ||
| 020 | _a2-7298-9059-9 | ||
| 999 |
_c33637 _d33637 |
||